Pomoc rodinám s Rettovým syndrómom

Bibliographic Details
Main Author: Bzdúch, Vladimír, 1951- (Author)
Corporate Author: Medzinárodná konferencia o Rettovom syndróme (Author)
Format: Conference Proceeding Article
Language:Slovak
ISSN:0069-2328
Subjects:

MARC

LEADER 00000nab a2200000 a 4500
001 vtls000828280
003 SK-MaSNL
005 20260304171934.0
008 141112c2002 xo 0 slo
015 |a SNBRB2003/03-08364 
035 |a CLN000179935 
040 |a SNKBUCL  |b slo  |c SNKBUCL  |e AACR2 
041 0 |a slo 
044 |a xo  |c SK 
080 |a 616-009.1-056.7:061.3  |2 1997 
100 1 |a Bzdúch, Vladimír,  |d 1951-  |4 aut  |9 205066 
245 1 0 |a Pomoc rodinám s Rettovým syndrómom  |c Vladimír Bzdúch 
650 0 7 |a Rettov syndróm  |2 snkbucl  |9 24838 
650 0 7 |a neurológia  |2 snkbucl  |9 908 
650 0 7 |a liečebná rehabilitácia  |2 snkbucl  |9 3306 
650 0 7 |a genetika  |2 snkbucl  |9 698 
650 0 7 |a spoločnosti  |2 snkbucl  |9 319563 
650 0 7 |a kongresy  |2 snkbucl  |9 19200 
655 7 |a články z novín a časopisov  |2 snkbucl  |9 267496 
711 1 |a Medzinárodná konferencia o Rettovom syndróme  |d (2002 :  |c Bratislava, Slovensko)  |4 aut  |9 86297 
773 0 |t Česko-slovenská pediatrie  |g Roč. 57, č. 11 (2002), s. 671  |x 0069-2328 
850 |a Slovenská národná knižnica v Martine 
852 |a SNK  |b KIS3GCP 
958 |a MI 
999 |c 2995621  |d 2997551